[Event "SM-2022-0-00480"]
[Site "LSS email"]
[Date "2022.09.04"]
[Round "?"]
[White "Class, Wolfgang"]
[Black "Baltar, Antoni"]
[Result "1/2-1/2"]
[WhiteElo "2309"]
[BlackElo "2203"]
[PlyCount "80"]
[EventDate "2022.08.10"]
[EventType "tourn (corr)"]
[EventRounds "6"]
[EventCountry "GER"]
[SourceTitle "Corr 2024"]
[Source "ChessBase"]
[SourceDate "2023.10.19"]
[SourceVersion "1"]
[SourceVersionDate "2023.10.19"]
[SourceQuality "1"]

1. d4 d5 2. c4 c6 3. Nf3 Nf6 4. e3 Bf5 5. Nc3 e6 6. Nh4 Bg6 7. Nxg6 hxg6 8. Bd2 Nbd7 9. Qc2 Be7 10. cxd5 cxd5 11. Qb3 Qb6 12. Qxb6 Nxb6 13. Bb5+ Kd8 14. Ke2 Rc8 15. h3 Nc4 16. Bxc4 dxc4 17. a4 Kd7 18. a5 Nd5 19. Rhb1 Rh5 20. e4 Nb4 21. Ra4 a6 22. Be3 Nc2 23. Rd1 f6 24. d5 Nxe3 25. Kxe3 Bd6 26. Ke2 Rc7 27. dxe6+ Kxe6 28. f4 Rhc5 29. g4 f5 30. Kf3 Rc8 31. h4 Bc7 32. Rb4 Rb8 33. exf5+ gxf5 34. gxf5+ Kxf5 35. Ne4 Rc6 36. Rg1 b5 37. axb6 Bxf4 38. b7 g5 39. hxg5 Re6 40. Rxc4 Rxb7 1/2-1/2

[Event "RM-2022-0-00263"]
[Site "LSS email"]
[Date "2022.04.23"]
[Round "?"]
[White "Pilgram, Kurt"]
[Black "Class, Wolfgang"]
[Result "1/2-1/2"]
[WhiteElo "2166"]
[BlackElo "2331"]
[PlyCount "117"]
[EventDate "2022.02.27"]
[EventType "tourn (corr)"]
[EventRounds "6"]
[EventCountry "GER"]
[SourceTitle "Corr 2024"]
[Source "ChessBase"]
[SourceDate "2023.10.19"]
[SourceVersion "1"]
[SourceVersionDate "2023.10.19"]
[SourceQuality "1"]

1. d4 d5 2. c4 e6 3. Nc3 Nf6 4. cxd5 exd5 5. Bg5 Be7 6. e3 0-0 7. Bd3 Nbd7 8. Nf3 c6 9. Qc2 Re8 10. 0-0 Nf8 11. h3 Be6 12. Bf4 Bd6 13. Rae1 Bxf4 14. exf4 Qd6 15. Re5 Rad8 16. Rfe1 Qb8 17. Qc1 N6d7 18. R5e2 f6 19. f5 Bf7 20. b3 Rxe2 21. Rxe2 c5 22. Rb2 Qc7 23. Bf1 a6 24. dxc5 Qxc5 25. Qd2 Ne5 26. Nd4 Rc8 27. Rc2 Qb4 28. h4 Qd6 29. g3 Nc6 30. Nce2 Nd7 31. Nf4 Nde5 32. Bg2 Re8 33. Rc1 h5 34. Rd1 Ne7 35. Qc2 Rc8 36. Qd2 Re8 37. Qc3 Qb6 38. Qc2 a5 39. Nde6 Rc8 40. Qb1 Ng4 41. Rd2 a4 42. Nxd5 Nxd5 43. Bxd5 Ne3 44. Be4 axb3 45. axb3 Nxf5 46. Nf4 Nxg3 47. Bd5 Qb4 48. Bxf7+ Kxf7 49. Rd7+ Ke8 50. Rxg7 Qe4 51. Qxe4+ Nxe4 52. Rxb7 Rc5 53. Rb4 Nd6 54. Kh2 Kf7 55. Kg2 Re5 56. Kh3 Ne4 57. Kg2 Nd6 58. Kh2 Rc5 59. Kg2 1/2-1/2

[Event "RM-2022-0-00263"]
[Site "LSS email"]
[Date "2022.04.21"]
[Round "?"]
[White "Class, Wolfgang"]
[Black "Kazimierski, Tomasz"]
[Result "1/2-1/2"]
[WhiteElo "2331"]
[BlackElo "2227"]
[PlyCount "45"]
[EventDate "2022.02.27"]
[EventType "tourn (corr)"]
[EventRounds "6"]
[EventCountry "GER"]
[SourceTitle "Corr 2024"]
[Source "ChessBase"]
[SourceDate "2023.10.19"]
[SourceVersion "1"]
[SourceVersionDate "2023.10.19"]
[SourceQuality "1"]

1. d4 Nf6 2. c4 e6 3. Nc3 Bb4 4. e3 0-0 5. Nge2 Re8 6. a3 Bf8 7. Ng3 d5 8. Be2 b6 9. 0-0 Ba6 10. b3 Nc6 11. Qc2 dxc4 12. bxc4 Na5 13. Nce4 Nxe4 14. Nxe4 f5 15. Nd2 c5 16. Bh5 g6 17. Bf3 Rc8 18. d5 Bg7 19. Rb1 Bb7 20. Nb3 Nxb3 21. Rxb3 exd5 22. Rd1 Rc7 23. Bxd5+ 1/2-1/2

[Event "RM-2022-0-00263"]
[Site "LSS email"]
[Date "2022.04.21"]
[Round "?"]
[White "Class, Wolfgang"]
[Black "Ozen, Bahadir"]
[Result "1/2-1/2"]
[WhiteElo "2331"]
[BlackElo "2270"]
[PlyCount "42"]
[EventDate "2022.02.27"]
[EventType "tourn (corr)"]
[EventRounds "6"]
[EventCountry "GER"]
[SourceTitle "Corr 2024"]
[Source "ChessBase"]
[SourceDate "2023.10.19"]
[SourceVersion "1"]
[SourceVersionDate "2023.10.19"]
[SourceQuality "1"]

1. d4 d5 2. c4 e6 3. Nc3 c6 4. e4 dxe4 5. Nxe4 Bb4+ 6. Bd2 Qxd4 7. Bxb4 Qxe4+ 8. Be2 Na6 9. Ba5 b6 10. Qd6 Bd7 11. Bc3 f6 12. Nf3 Nh6 13. Rd1 Rd8 14. Qa3 Bc8 15. Nd2 Qf4 16. Bh5+ Nf7 17. 0-0 c5 18. Qa4+ Ke7 19. Rfe1 Ng5 20. Re3 Rd6 21. Rde1 Rhd8 1/2-1/2

[Event "SM-2022-0-00468"]
[Site "LSS email"]
[Date "2022.04.18"]
[Round "?"]
[White "Krzyzanowski, Wojciech"]
[Black "Class, Wolfgang"]
[Result "1/2-1/2"]
[WhiteElo "2320"]
[BlackElo "2332"]
[PlyCount "57"]
[EventDate "2022.03.30"]
[EventType "tourn (corr)"]
[EventRounds "6"]
[EventCountry "GER"]
[SourceTitle "Corr 2024"]
[Source "ChessBase"]
[SourceDate "2023.10.19"]
[SourceVersion "1"]
[SourceVersionDate "2023.10.19"]
[SourceQuality "1"]

1. e4 e5 2. Nf3 Nc6 3. Bb5 Nf6 4. d3 Bc5 5. Bxc6 dxc6 6. Nbd2 0-0 7. Nc4 Nd7 8. Ne3 a5 9. g4 a4 10. Nf5 Bd6 11. h4 Nc5 12. Be3 Ne6 13. Qd2 c5 14. 0-0-0 b5 15. Rdg1 a3 16. b3 c4 17. h5 cxb3 18. cxb3 c5 19. Kb1 Ra6 20. g5 Nd4 21. Bxd4 exd4 22. g6 Bxf5 23. exf5 h6 24. gxf7+ Rxf7 25. Qxh6 Qa8 26. Rh3 Bg3 27. Qd2 Qxf3 28. Rhxg3 Qxf5 29. Rg5 1/2-1/2

[Event "SM-2022-0-00467"]
[Site "LSS email"]
[Date "2022.04.02"]
[Round "?"]
[White "Class, Wolfgang"]
[Black "Ozen, Bahadir"]
[Result "1/2-1/2"]
[WhiteElo "2336"]
[BlackElo "2264"]
[PlyCount "44"]
[EventDate "2022.03.21"]
[EventType "tourn (corr)"]
[EventRounds "6"]
[EventCountry "GER"]
[SourceTitle "Corr 2024"]
[Source "ChessBase"]
[SourceDate "2023.10.19"]
[SourceVersion "1"]
[SourceVersionDate "2023.10.19"]
[SourceQuality "1"]

1. e4 e5 2. Nf3 Nc6 3. Bb5 Nf6 4. 0-0 Nxe4 5. d4 Nd6 6. Bxc6 dxc6 7. dxe5 Nf5 8. Qxd8+ Kxd8 9. Rd1+ Ke8 10. Nc3 Be7 11. Bg5 Bxg5 12. Nxg5 h6 13. Nf3 Be6 14. Rd2 Rd8 15. Rad1 Rxd2 16. Rxd2 g5 17. h3 Ne7 18. h4 gxh4 19. Nxh4 Ng6 20. Nxg6 fxg6 21. f4 g5 22. g3 Ke7 1/2-1/2

[Event "SM-2022-0-00458"]
[Site "LSS email"]
[Date "2022.01.07"]
[Round "?"]
[White "Class, Wolfgang"]
[Black "Bordenave, Roberto"]
[Result "1/2-1/2"]
[WhiteElo "2348"]
[BlackElo "2281"]
[PlyCount "45"]
[EventDate "2021.12.03"]
[EventType "tourn (corr)"]
[EventRounds "6"]
[EventCountry "GER"]
[SourceTitle "Corr 2024"]
[Source "ChessBase"]
[SourceDate "2023.10.19"]
[SourceVersion "1"]
[SourceVersionDate "2023.10.19"]
[SourceQuality "1"]

1. d4 d5 2. c4 c6 3. Nf3 Nf6 4. Nc3 e6 5. Bg5 h6 6. Bh4 dxc4 7. e4 b5 8. e5 g5 9. Nxg5 hxg5 10. Bxg5 Nbd7 11. g3 Rg8 12. h4 Rxg5 13. hxg5 Nd5 14. g6 fxg6 15. Qg4 Qe7 16. Bg2 Kd8 17. Qxg6 Rb8 18. Rh8 Nxc3 19. bxc3 b4 20. Bxc6 bxc3 21. Kf1 Rb6 22. Be4 Bb7 23. Kg2 1/2-1/2

[Event "SM-2021-0-00455"]
[Site "LSS email"]
[Date "2021.12.12"]
[Round "?"]
[White "Class, Wolfgang"]
[Black "Aberbach Peltzman, Angel"]
[Result "1/2-1/2"]
[WhiteElo "2349"]
[BlackElo "2281"]
[PlyCount "79"]
[EventDate "2021.10.17"]
[EventType "tourn (corr)"]
[EventRounds "6"]
[EventCountry "GER"]
[SourceTitle "Corr 2024"]
[Source "ChessBase"]
[SourceDate "2023.10.19"]
[SourceVersion "1"]
[SourceVersionDate "2023.10.19"]
[SourceQuality "1"]

1. d4 d5 2. c4 c6 3. Nf3 e6 4. Nc3 f5 5. Bf4 Nf6 6. e3 Be7 7. Qc2 0-0 8. Bd3 Ne4 9. g4 Bd6 10. Bg3 Nxc3 11. Qxc3 fxg4 12. Ne5 Bxe5 13. dxe5 b5 14. h3 bxc4 15. Bc2 h6 16. hxg4 Na6 17. 0-0-0 Rb8 18. g5 Nb4 19. Kb1 Qxg5 20. Bh4 d4 21. Rxd4 Qh5 22. Rg1 Nxc2 23. Rdg4 Rb7 24. Bf6 Rff7 25. Qxc2 Qf5 26. e4 Qf3 27. R4g3 Qf4 28. f3 Qe3 29. f4 Qxf4 30. Qg2 c3 31. Rxc3 Rbd7 32. Rg3 Ba6 33. Bxg7 Bd3+ 34. Rxd3 Rxg7 35. Rxd7 Rxg2 36. Rxg2+ Kf8 37. Rc2 Qxe4 38. Rc7 h5 39. R7xc6 Qxe5 40. Rc1 1/2-1/2

[Event "SM-2021-0-00455"]
[Site "LSS email"]
[Date "2021.12.12"]
[Round "?"]
[White "Class, Wolfgang"]
[Black "Wosch, Arkadiusz"]
[Result "1/2-1/2"]
[WhiteElo "2349"]
[BlackElo "2288"]
[PlyCount "43"]
[EventDate "2021.10.17"]
[EventType "tourn (corr)"]
[EventRounds "6"]
[EventCountry "GER"]
[SourceTitle "Corr 2024"]
[Source "ChessBase"]
[SourceDate "2023.10.19"]
[SourceVersion "1"]
[SourceVersionDate "2023.10.19"]
[SourceQuality "1"]

1. d4 Nf6 2. c4 e6 3. Nc3 Bb4 4. e3 0-0 5. Bd3 d5 6. Nf3 c5 7. 0-0 b6 8. dxc5 dxc4 9. Bxc4 Bxc5 10. Qe2 Bb7 11. e4 Nbd7 12. e5 Nd5 13. Nxd5 exd5 14. Bd3 f6 15. e6 Ne5 16. Nxe5 fxe5 17. Qxe5 Qf6 18. Qxf6 Rxf6 19. Bd2 Rxe6 20. b4 Bd4 21. Rac1 Re7 22. Rc2 1/2-1/2

[Event "SM-2021-0-00455"]
[Site "LSS email"]
[Date "2021.12.12"]
[Round "?"]
[White "Kazimierski, Tomasz"]
[Black "Class, Wolfgang"]
[Result "1/2-1/2"]
[WhiteElo "2156"]
[BlackElo "2349"]
[PlyCount "59"]
[EventDate "2021.10.17"]
[EventType "tourn (corr)"]
[EventRounds "6"]
[EventCountry "GER"]
[SourceTitle "Corr 2024"]
[Source "ChessBase"]
[SourceDate "2023.10.19"]
[SourceVersion "1"]
[SourceVersionDate "2023.10.19"]
[SourceQuality "1"]

1. e4 e5 2. Nf3 Nc6 3. Bb5 Nf6 4. 0-0 Nxe4 5. Re1 Nd6 6. Nxe5 Be7 7. Bf1 Nxe5 8. Rxe5 0-0 9. d4 Bf6 10. Re1 Re8 11. Bf4 Rxe1 12. Qxe1 Ne8 13. c3 d5 14. Qe2 Qe7 15. Nd2 Qxe2 16. Bxe2 Be7 17. a4 a5 18. Nf1 Bd6 19. Bxd6 Nxd6 20. Ne3 c6 21. Bd3 Bd7 22. Re1 Re8 23. Kf1 g5 24. f3 Kg7 25. g3 h6 26. Kf2 Rf8 27. h4 f5 28. Bc2 f4 29. gxf4 Rxf4 30. hxg5 1/2-1/2

[Event "SM-2021-0-00455"]
[Site "LSS email"]
[Date "2021.12.12"]
[Round "?"]
[White "Sorcinelli, Andrea"]
[Black "Class, Wolfgang"]
[Result "1/2-1/2"]
[WhiteElo "2349"]
[BlackElo "2349"]
[PlyCount "44"]
[EventDate "2021.10.17"]
[EventType "tourn (corr)"]
[EventRounds "6"]
[EventCountry "GER"]
[SourceTitle "Corr 2024"]
[Source "ChessBase"]
[SourceDate "2023.10.19"]
[SourceVersion "1"]
[SourceVersionDate "2023.10.19"]
[SourceQuality "1"]

1. e4 e5 2. Nf3 Nc6 3. Bc4 Nf6 4. d3 Be7 5. 0-0 0-0 6. Re1 d6 7. a4 Na5 8. Ba2 c5 9. c3 Nc6 10. h3 Be6 11. Bxe6 fxe6 12. Na3 Nh5 13. Nc2 Qe8 14. b4 b6 15. Rb1 h6 16. bxc5 bxc5 17. Na3 Bd8 18. Nc4 Bc7 19. Rb7 Qc8 20. Rb5 Qe8 21. Rb7 Qc8 22. Rb5 Qe8 1/2-1/2

[Event "ST-2021-0-00204"]
[Site "LSS email"]
[Date "2021.11.08"]
[Round "?"]
[White "Cvak, Rudolf"]
[Black "Class, Wolfgang"]
[Result "1/2-1/2"]
[WhiteElo "2317"]
[BlackElo "2353"]
[PlyCount "68"]
[EventDate "2021.09.30"]
[EventType "tourn (corr)"]
[EventRounds "6"]
[EventCountry "GER"]
[SourceTitle "Corr 2024"]
[Source "ChessBase"]
[SourceDate "2023.10.19"]
[SourceVersion "1"]
[SourceVersionDate "2023.10.19"]
[SourceQuality "1"]

1. e4 e5 2. Nf3 Nc6 3. Bc4 Nf6 4. d3 Be7 5. 0-0 0-0 6. a4 d5 7. exd5 Nxd5 8. h3 Kh8 9. Re1 f6 10. a5 a6 11. d4 exd4 12. Nxd4 Ne5 13. Bf1 c5 14. Nf3 Nb4 15. Na3 Qxd1 16. Rxd1 Nxf3+ 17. gxf3 Nc6 18. Nc4 Be6 19. c3 Rad8 20. Re1 Bd5 21. f4 Rfe8 22. h4 g6 23. Nb6 Bf7 24. h5 gxh5 25. Kh2 Bd6 26. Rxe8+ Rxe8 27. Be3 Bc7 28. Nd7 Nxa5 29. Nxc5 Re7 30. b4 Nc4 31. Bxc4 Bxc4 32. Nxb7 Bxf4+ 33. Bxf4 Rxb7 34. Bh6 Rd7 1/2-1/2

[Event "ST-2021-0-00203"]
[Site "LSS email"]
[Date "2021.10.24"]
[Round "?"]
[White "Class, Wolfgang"]
[Black "Enev, Zlatko"]
[Result "1/2-1/2"]
[WhiteElo "2388"]
[BlackElo "2381"]
[PlyCount "71"]
[EventDate "2021.09.28"]
[EventType "tourn (corr)"]
[EventRounds "6"]
[EventCountry "GER"]
[SourceTitle "Corr 2024"]
[Source "ChessBase"]
[SourceDate "2023.10.19"]
[SourceVersion "1"]
[SourceVersionDate "2023.10.19"]
[SourceQuality "1"]

1. d4 Nf6 2. Nf3 g6 3. Bf4 c5 4. e3 Bg7 5. c3 0-0 6. Be2 Qb6 7. Qc1 Nc6 8. Nbd2 cxd4 9. exd4 d6 10. 0-0 Qc7 11. Nc4 a6 12. a4 Be6 13. Ne3 Rac8 14. Re1 Nd5 15. Nxd5 Bxd5 16. Bh6 e5 17. Bxg7 Kxg7 18. Qd2 e4 19. Ng5 h6 20. Nh3 f5 21. f3 Na5 22. Qe3 g5 23. fxe4 Bxe4 24. Nf2 d5 25. Nxe4 dxe4 26. Rad1 Nc4 27. Bxc4 Qxc4 28. d5 Qxa4 29. d6 Rcd8 30. g4 Rf6 31. Qb6 Rd7 32. gxf5 Qc6 33. Qxc6 bxc6 34. Rxe4 Rdxd6 35. Rxd6 Rxd6 36. Rc4 1/2-1/2

[Event "ST-2021-0-00203"]
[Site "LSS email"]
[Date "2021.10.23"]
[Round "?"]
[White "Szczepanski, Zbigniew"]
[Black "Class, Wolfgang"]
[Result "1-0"]
[WhiteElo "2395"]
[BlackElo "2388"]
[PlyCount "69"]
[EventDate "2021.09.28"]
[EventType "tourn (corr)"]
[EventRounds "6"]
[EventCountry "GER"]
[SourceTitle "Corr 2024"]
[Source "ChessBase"]
[SourceDate "2023.10.19"]
[SourceVersion "1"]
[SourceVersionDate "2023.10.19"]
[SourceQuality "1"]

1. d4 Nf6 2. g3 d5 3. Bg2 c6 4. Nf3 Bf5 5. Nh4 Bg4 6. h3 Be6 7. c4 g6 8. Nc3 Bg7 9. 0-0 0-0 10. Kh2 dxc4 11. e4 Ne8 12. Be3 Na6 13. Qe2 Nb4 14. f4 Nd3 15. e5 f5 16. b3 Qa5 17. Qd2 Nc7 18. Nf3 b5 19. Ng5 b4 20. Nd1 Bd5 21. bxc4 Bxc4 22. Bg1 Bh6 23. Ne3 Ba6 24. h4 Bxg5 25. hxg5 Qa4 26. Rfb1 c5 27. Nd5 Qd7 28. e6 Qd8 29. Nxc7 Qxc7 30. a3 b3 31. Rxb3 c4 32. Qc3 Qd6 33. Rbb1 Qxe6 34. d5 Qe2 35. Bd4 1-0

[Event "ST-2021-0-00203"]
[Site "LSS email"]
[Date "2021.10.22"]
[Round "?"]
[White "Willmann, Bernd"]
[Black "Class, Wolfgang"]
[Result "1/2-1/2"]
[WhiteElo "2370"]
[BlackElo "2388"]
[PlyCount "43"]
[EventDate "2021.09.28"]
[EventType "tourn (corr)"]
[EventRounds "6"]
[EventCountry "GER"]
[SourceTitle "Corr 2024"]
[Source "ChessBase"]
[SourceDate "2023.10.19"]
[SourceVersion "1"]
[SourceVersionDate "2023.10.19"]
[SourceQuality "1"]

1. e4 e5 2. Nf3 Nc6 3. Bb5 a6 4. Ba4 Nf6 5. 0-0 Be7 6. Re1 b5 7. Bb3 0-0 8. c3 d5 9. exd5 Nxd5 10. Nxe5 Nxe5 11. Rxe5 c6 12. Re1 Bd6 13. d3 Bf5 14. Qf3 Re8 15. Rxe8+ Qxe8 16. Nd2 Qe1+ 17. Nf1 Bg6 18. g3 b4 19. c4 Nf6 20. Qxc6 Rd8 21. Qb6 Rd7 22. Bc2 1/2-1/2

[Event "Remote S7 Top 76 email"]
[Site "Remote email"]
[Date "2014.01.23"]
[Round "?"]
[White "Doderer, Harald"]
[Black "Class, Wolfgang"]
[Result "1-0"]
[WhiteElo "2449"]
[BlackElo "2451"]
[PlyCount "67"]
[EventDate "2014.??.??"]
[EventType "tourn (corr)"]
[EventRounds "6"]
[EventCountry "GER"]
[SourceTitle "Corr 2015"]
[Source "ChessBase"]
[SourceDate "2015.07.17"]
[SourceVersion "1"]
[SourceVersionDate "2015.07.17"]
[SourceQuality "1"]

1. e4 e5 2. Nf3 Nc6 3. Bb5 Nf6 4. 0-0 Nxe4 5. d4 Nd6 6. Bxc6 dxc6 7. dxe5 Nf5 8. Qxd8+ Kxd8 9. Nc3 Ke8 10. Rd1 Ne7 11. h3 Ng6 12. Bd2 f6 13. Ne4 Kf7 14. exf6 gxf6 15. Nxf6 Kxf6 16. Bc3+ Kf7 17. Ng5+ Ke8 18. Bxh8 Nxh8 19. Rd3 Bf5 20. Re1+ Be7 21. Rde3 Ng6 22. g4 Bxc2 23. h4 Kd7 24. R1e2 h6 25. Nf3 Bb1 26. h5 Bc5 27. Rd2+ Bd6 28. hxg6 Rg8 29. Kg2 Bxg6 30. Ne5+ Kc8 31. Nxg6 Rxg6 32. Kh3 Rf6 33. Kh4 b6 34. Kh5 1-0